000 01059 a2200229 4500
005 20260402112147.0
008 260402b |||||||| |||| 00| 0 eng d
020 _a9789388359566 (pbk)
037 _cTB
040 _aCRL
_cCRL
041 _2hin
_ahin
084 _aV2z7 152Q9
100 _aचौधुरी, इंद्र नाथ
_9862927
245 _aभारतीय नवजागरण:
_bरवीन्द्रनाथ ठाकुर, महात्मा गांधी और स्वामी विवेकानंद
260 _aनई दिल्ली, भारत:
_bसस्ता साहित्य मण्डल प्रकाशन,
_c2022.
300 _a215पृ.
365 _b200.00
_cINR
650 _aभारत इतिहास
650 _aनवजागरण
_91234057
942 _cTB
_2CC
_hV2z7 152Q9
999 _c1467269
_d1467269